01651nam a2200361 a 4500001001000000003000500010005001700015008004100032010001100073011001100084040000900095090001000104100004400114245021600158260004100374500006000415502008500475590004100560590004000601590004000641590004000681590004000721650003900761650005500800650004600855856007000901901000700971942001000978942000600988999001900994952013601013952014001149000113516CHAP20220329144358.0170727s2016 mx a fsm |||||||spa d a109977 a110949 cCHAP aTesis1 aMonterrosa Molina, Olga Liliana913287810aDeterminación de la eficiencia de un desinfectante orgánico, para inhibir la carga mesófila aerobia y de Staphylococus sp. en carne de res,cerdo y pollo /h[En línea]cpor Olga Liliana Monterrosa Molina. aChapingo, Méx. :bEl autor,c2016. aPara ver el contenido del material haga clic en la liga aTesis (Ing. Agroindustrial) -- UACH. Departamento de Ingeniería Agroindustrial aBATCH-UPDb05c20170727lUCH01h1453 aE8697GMMb05c20170727lUCH01h1247 aE8697GMMb05c20170727lUCH01h1427 aE8697GMMb05c20170727lUCH01h1452 aE8697GMMb05c20170727lUCH01h145414aBacteriasxIdentificación.9932014aExtractos de semillas efecto en bacterias.913287914aTemperaturaxEfecto en alimentos.9112179 aFinding aiduhttp://10.13.5.2/tesis/sist113516.pdfzTeclea aquí aBK cTESIS n0 c109977d109977 00104054718TESISaBCbBCd2017-07-27fTESISl0oTesisp33724002531248r2019-12-31 00:00:00w2019-12-31yTESISzRecien adquirido 00102local4053708TESISaBCbBCcPA_TESISd2017-07-27fTESISl0oTesisp33724002531280r2019-12-31 00:00:00tc.2w2019-12-31yTESIS